Христос и Антихрист: трилогия
| Hovedforfatter: | |
|---|---|
| Andre forfattere: | , , |
| Summary: | Репринтное воспроизведение издания 1914 г., типография Т-ва И. Д. Сытина На пер. загл. не указано Авт. указан на корешке. |
| Sprog: | russisk |
| Udgivet: |
Москва, Книга, 1990
|
| Udgivelse: | Репр. изд. |
| Serier: | Из литературного наследия |
| Format: | MixedMaterials Bog |
| KOHA link: | https://koha.lib.tpu.ru/cgi-bin/koha/opac-detail.pl?biblionumber=162982 |
MARC
| LEADER | 00000nam1a2200000 4500 | ||
|---|---|---|---|
| 001 | 162982 | ||
| 005 | 20231101222349.0 | ||
| 010 | |a 5212001250 | ||
| 035 | |a (RuTPU)RU\TPU\book\176772 | ||
| 090 | |a 162982 | ||
| 100 | |a 20090630e1990 m y0rusy50 ca | ||
| 101 | 0 | |a rus | |
| 102 | |a RU | ||
| 200 | 1 | |a Христос и Антихрист |e трилогия |f Д. С. Мережковский |g разработка серийного оформления А. Т. Троянкера, Г. Б. Маркевича ; рисунок на переплете А. Т. Троянкера, Н. А. Ящука | |
| 205 | |a Репр. изд. | ||
| 210 | |a Москва |c Книга |d 1990 | ||
| 225 | 1 | |a Из литературного наследия | |
| 300 | |a Репринтное воспроизведение издания 1914 г., типография Т-ва И. Д. Сытина | ||
| 300 | |a На пер. загл. не указано | ||
| 300 | |a Авт. указан на корешке. | ||
| 700 | 1 | |a Мережковский |b Д. С. |c русский писатель |c религиозный философ |c поэт |f 1865-1941 |g Дмитрий Сергеевич |2 stltpush |3 (RuTPU)RU\TPU\pers\1229 |9 550 | |
| 702 | 1 | |a Троянкер |b А. Т. |4 130 | |
| 702 | 1 | |a Маркевич |b Г. Б. |4 130 | |
| 702 | 1 | |a Ящук |b Н. А. |4 040 | |
| 801 | 1 | |a RU |b 63413507 |c 20090630 |g PSBO | |
| 801 | 2 | |a RU |b 63413507 |c 20090701 |g PSBO | |
| 942 | |c BK | ||